Porfirio Diaz President of Mexico (Record no. 7450)
[ view plain ]
| 000 -CABECERA | |
|---|---|
| campo de control de longitud fija | 00723nam a2200229 a 4500 |
| 001 - NÚMERO DE CONTROL | |
| campo de control | BRCA_7776 |
| 005 - FECHA Y HORA DE LA ÚLTIMA TRANSACCIÓN | |
| campo de control | 20190320210004.0 |
| 008 - DATOS DE LONGITUD FIJA--INFORMACIÓN GENERAL | |
| campo de control de longitud fija | 300913s1910----nyuabc####---#000-0#eng-# |
| 041 ## - CÓDIGO DE LENGUA | |
| Código de lengua del texto/banda sonora o título independiente | eng |
| 044 ## - CÓDIGO DEL PAÍS DE LA ENTIDAD EDITORA/PRODUCTORA | |
| Código MARC del país | nyu |
| 050 #4 - SIGNATURA TOPOGRÁFICA DE LA BIBLIOTECA DEL CONGRESO | |
| Número de clasificación | F1233.5 |
| Número de documento/Ítem | .G63 1910 |
| 100 1# - ENTRADA PRINCIPAL--NOMBRE DE PERSONA | |
| Nombre de persona | Godoy, Jose F. |
| 9 (RLIN) | 18384 |
| 245 10 - MENCIÓN DE TÍTULO | |
| Título | Porfirio Diaz President of Mexico |
| Resto del título | the master builder of a great commonwealth |
| Mención de responsabilidad, etc. | by Jose F. Godoy. |
| 260 ## - PUBLICACIÓN, DISTRIBUCIÓN, ETC. | |
| Lugar de publicación, distribución, etc. | Nueva York |
| Nombre del editor, distribuidor, etc. | Putnam |
| Fecha de publicación, distribución, etc. | 1910 |
| 300 ## - DESCRIPCIÓN FÍSICA | |
| Extensión | xii, 253 p. |
| Otras características físicas | il., mapas, retratos |
| Dimensiones | 22 cm. |
| 500 ## - NOTA GENERAL | |
| Nota general | Edición con cantos dorados |
| 500 ## - NOTA GENERAL | |
| Nota general | X14 |
| 600 14 - PUNTO DE ACCESO ADICIONAL DE MATERIA--NOMBRE DE PERSONA | |
| Nombre de persona | Díaz, Porfirio |
| Títulos y otros términos asociados al nombre | Presidente (1876-1911) |
| Fechas asociadas al nombre | 1830-1915 |
| Subdivisión geográfica | México |
| 9 (RLIN) | 19256 |
| 651 #4 - PUNTO DE ACCESO ADICIONAL DE MATERIA--NOMBRE GEOGRÁFICO | |
| Nombre geográfico | México |
| Subdivisión general | Historia |
| Subdivisión cronológica | 1867-1910 |
| 9 (RLIN) | 4778 |
| 902 ## - CATALOGADOR | |
| Iniciales | GFM |
| 942 ## - ELEMENTOS DE PUNTO DE ACCESO ADICIONAL (KOHA) | |
| Fuente del sistema de clasificación o colocación | Library of Congress Classification |
| Tipo de ítem Koha | Libros |
| Estado de retiro | Estado de pérdida | Estado dañado | No para préstamo | Localización permanente | Ubicación/localización actual | Fecha de adquisición | Número de inventario | Total de préstamos | Signatura topográfica completa | Código de barras | Fecha visto por última vez | Precio válido a partir de | Tipo de ítem Koha |
|---|---|---|---|---|---|---|---|---|---|---|---|---|---|
| El ejemplar forma parte de la colección y puede ser consultado según las políticas vigentes. | Biblioteca del Museo Franz Mayer (Rogerio Casas-Alatriste) | Biblioteca del Museo Franz Mayer (Rogerio Casas-Alatriste) | 27/09/2013 | X14 | F1233.5 .G63 1910 (X14) | 8385 | 22/03/2019 | 22/03/2019 | Libros |